The believer's call to commitment / (Record no. 15719)
[ view plain ]
| 000 -LEADER | |
|---|---|
| fixed length control field | 02065cam a22003854a 4500 |
| 001 - CONTROL NUMBER | |
| control field | 13910622 |
| 003 - CONTROL NUMBER IDENTIFIER | |
| control field | OSt |
| 005 - DATE AND TIME OF LATEST TRANSACTION | |
| control field | 20140310182750.0 |
| 008 - FIXED-LENGTH DATA ELEMENTS--GENERAL INFORMATION | |
| fixed length control field | 050324s2005 mnu 000 0 eng |
| 010 ## - LIBRARY OF CONGRESS CONTROL NUMBER | |
| LC control number | 2005008543 |
| 020 ## - INTERNATIONAL STANDARD BOOK NUMBER | |
| International Standard Book Number | 0764200372 |
| 040 ## - CATALOGING SOURCE | |
| Original cataloging agency | DLC |
| Transcribing agency | DLC |
| Modifying agency | DLC |
| 042 ## - AUTHENTICATION CODE | |
| Authentication code | pcc |
| 050 00 - LIBRARY OF CONGRESS CALL NUMBER | |
| Classification number | BV 4501.3 |
| Item number | .M981 2005 |
| 082 00 - DEWEY DECIMAL CLASSIFICATION NUMBER | |
| Classification number | M 248.4 |
| Item number | M96 2005 |
| 100 1# - MAIN ENTRY--PERSONAL NAME | |
| Personal name | Murray, Andrew, |
| Dates associated with a name | 1828-1917. |
| 245 14 - TITLE STATEMENT | |
| Title | The believer's call to commitment / |
| Statement of responsibility, etc | Murray, Andrew |
| 250 ## - EDITION STATEMENT | |
| Edition statement | [Rev. ed.]. |
| 260 ## - PUBLICATION, DISTRIBUTION, ETC. (IMPRINT) | |
| Place of publication, distribution, etc | Minneapolis, Minn. : |
| Name of publisher, distributor, etc | Bethany House, |
| Date of publication, distribution, etc | c2005. |
| 300 ## - PHYSICAL DESCRIPTION | |
| Extent | 139 p. ; |
| Dimensions | 18 cm. |
| 500 ## - GENERAL NOTE | |
| General note | First published in 1909 as Aids to devotion. |
| 500 ## - GENERAL NOTE | |
| General note | "A devotional study of Ephisians presented for today's reader"--Cover. |
| 505 0# - FORMATTED CONTENTS NOTE | |
| Formatted contents note | Our devotional life and commitment -- Commitment : the New Testament standard -- Commitment : the great need of the church -- Commitment and the spiritual life -- The seal of the Spirit -- The Spirit of wisdom -- The Spirit of access -- The temple of the Spirit -- The Spirit of missions -- The Spirit of power -- The unity of the Spirit -- The Spirit of unity -- Grieving the Spirit -- Being filled with the Spirit -- The sword of the Spirit -- The Spirit of prayer -- Ephesians in review -- Because of unbelief -- All things are possible with God -- To Him be glory. |
| 520 ## - SUMMARY, ETC. | |
| Summary, etc | "Newly updated for today's reader, this devotional study of Ephesians explores how a committed Christian life begins with dependence on the Holy Spirit"--Provided by publisher. |
| 521 ## - TARGET AUDIENCE NOTE | |
| Target audience note | |
| 526 ## - STUDY PROGRAM INFORMATION NOTE | |
| Reading level | 1210L to 1700L |
| 541 ## - IMMEDIATE SOURCE OF ACQUISITION NOTE | |
| -- | 1 |
| 562 ## - COPY AND VERSION IDENTIFICATION NOTE | |
| Number of copies | For Circulation. 1 Copy Available in the Collection |
| 650 #0 - SUBJECT ADDED ENTRY--TOPICAL TERM | |
| Topical term or geographic name as entry element | Spiritual life |
| General subdivision | Christianity. |
| 700 1# - ADDED ENTRY--PERSONAL NAME | |
| Personal name | Murray, Andrew, |
| Dates associated with a name | 1828-1917. |
| Title of a work | Aids to devotion. |
| 856 41 - ELECTRONIC LOCATION AND ACCESS | |
| Materials specified | Table of contents |
| Uniform Resource Identifier | <a href="http://www.loc.gov/catdir/toc/ecip0510/2005008543.html">http://www.loc.gov/catdir/toc/ecip0510/2005008543.html</a> |
| 906 ## - LOCAL DATA ELEMENT F, LDF (RLIN) | |
| a | 7 |
| b | cbc |
| c | orignew |
| d | 1 |
| e | ecip |
| f | 20 |
| g | y-gencatlg |
| 942 ## - ADDED ENTRY ELEMENTS (KOHA) | |
| Source of classification or shelving scheme | Library of Congress Classification |
| Koha item type | Books |
| Call number prefix | |
| Withdrawn status | Lost status | Source of classification or shelving scheme | Damaged status | Home library | Current library | Shelving location | Date acquired | Total Checkouts | Total Renewals | Full call number | Barcode | Date last seen | Date checked out | Copy number | Price effective from | Koha item type |
|---|---|---|---|---|---|---|---|---|---|---|---|---|---|---|---|---|
| Library of Congress Classification | College Library | College Library | General Circulation Section | 08/30/2012 | 1 | 6 | BV 4501.3 .M981 2005 | C14783 | 05/15/2018 | 09/09/2016 | 1 | 08/30/2012 | Books |